000 00378nam a22001697a 4500
003 MPLRDC
005 20220104123755.0
008 210129b ||||| |||| 00| 0 eng d
082 _a192.32 LZCS
100 _a不详
245 _a训练口才术
_c
260 _a
_b新象书店
_c1984
300 _b
490 _a励志丛书
650 _a
942 _cBK
_o192.32 LZCS
999 _c14087
_d14077